Práctica del control presupuestario / Marcel Moisson ; traducido por: Juan Bautista Astigarraga Juan Bautista Astigarraga
ISBN:
84-234-0040-9
Descripción Física:
164 p. : quadres, gràf. ; 21 cm
Otros Autores:
Astigarraga, Juan Bautista
MARC
| LEADER | 00000nam a2200000Ia 4500 | ||
|---|---|---|---|
| 001 | 14228 | ||
| 008 | 160829s9999 xx 000 0 cat d | ||
| 020 | |a 84-234-0040-9 | ||
| 080 | |a M-4-175 | ||
| 100 | |a Moisson, Marcel |9 26285 | ||
| 245 | |a Práctica del control presupuestario / Marcel Moisson ; traducido por: |b Juan Bautista Astigarraga | ||
| 260 | |a Bilbao : |b Deusto, DL 1973 | ||
| 300 | |a 164 p. : |b quadres, gràf. ; |c 21 cm | ||
| 490 | |a Manuales prácticos de gestión de empresas. Serie E, Gestión financiera ; 2 | ||
| 650 | |a Gestió pressupostària |9 26286 | ||
| 650 | 0 | |a Empreses |x Direcció i administració |9 10980 | |
| 700 | 1 | |a Astigarraga, Juan Bautista |9 26287 | |
| 901 | |a Arxiu | ||
| 942 | |n 1 | ||
| 952 | |0 0 |1 0 |4 0 |6 M4175 |7 1 |9 43943 |a Arxiu |b Arxiu |d 2016-12-01 |l 0 |o M-4-175 |p 14228 |r 2016-12-01 00:00:00 |w 2016-12-01 |y ARXIU | ||
| 999 | |c 46523 |d 46523 | ||